Images par lettre - B - Statistiques

Statistiques générales
  • Ce quiz a été pris 421 fois
  • Le résultat moyen est 11 sur 15
Statistiques - réponses
Par images Réponse % Correct
Barbie
100%
Brésil
94%
Belgique
92%
Boxe
92%
Burger
90%
Babouin
88%
Ballon
88%
Bleu
86%
Blanc
84%
Banjo
68%
Bouleau
59%
Baril
50%
Bosnie-Hérzégovine
47%
Backgammon
27%
Bach
26%
Aucun quiz correspondant
Distribution des résultats
% des personnes avec chaque résultat
Percentile par nombre de réponses
Votre historique - résultats
Vous n’avez pas pris ce quiz